000 00750nam a2200181Ia 4500
008 090124s9999 xx 000 0 und d
082 _b19097
100 _aगांधी महात्मा
245 _a ्गांधी - शिक्षण - माला सत्याग्रह 1 ला
250 _a0
260 _bटिळक-लोकशिक्षण-संघ
_c1925
300 _a62
600 _aगांधी महात्मा
630 _a ्गांधी - शिक्षण - माला सत्याग्रह 1 ला
700 _aगांधी महात्मा
730 _a ्गांधी - शिक्षण - माला सत्याग्रह 1 ला
942 _cBOOK
999 _c89952
_d89952